| 000 | 01825nam a2200433 i 4500 | ||
|---|---|---|---|
| 001 | 193244 | ||
| 003 | SpMaBN | ||
| 005 | 20260313124343.0 | ||
| 007 | ta | ||
| 008 | 180614s2015 sp a | |||| 000 0 spa | ||
| 017 |
_aM 968-2015 _bOficina Depósito Legal Madrid |
||
| 020 | _a9788461738526 | ||
| 035 | _a(OCoLC)1055854808 | ||
| 035 | _aa6206984 | ||
| 040 |
_aSpMaBN _bspa _cSpMaBN _erdc |
||
| 080 | _a687 Ruiz de la Prada, Ágatha | ||
| 080 | _a641.5 Chicote, Alberto : 391 | ||
| 100 | 1 |
_aRuiz de la Prada, Ágatha, _d1960- _eart _9234284 |
|
| 245 | 1 | 0 |
_aChicote / _c[autores de los textos, Rafael Ansón Oliart, Alejandra Ansón Quintana] |
| 260 |
_a[Madrid] : _bFundación Ágatha Ruiz de la Prada, _c[2015] |
||
| 300 |
_a144 páginas : _bprincipalmente ilustraciones (color) ; _c22 cm |
||
| 336 |
_aImagen (fija ; bidimensional ; visual) _aTexto (visual) _2isbdcontent |
||
| 337 |
_asin mediación _2isbdmedia |
||
| 338 |
_2rdacarrier _avolumen |
||
| 530 | _aDisponible en formato digital | ||
| 600 | 1 | 4 |
_aRuiz de la Prada, Ágatha, _d1960- _9234284 |
| 600 | 1 | 7 |
_aChicote, Alberto, _d1969- _9234368 |
| 655 | 7 |
_aLibros ilustrados _2tgfbne _9193653 |
|
| 700 | 1 |
_aAnsón, Rafael, _d1935- _9163268 _eaut |
|
| 700 | 1 |
_aAnsón, Alejandra _9234369 _eaut |
|
| 710 | 2 |
_9234370 _aFundación Ágatha Ruiz de la Prada |
|
| 852 |
_aES-MaACL _b154641 _cDEPOJ _jN-9412 _9200667 _hDonación: Ágatha Ruiz de la Prada _gDedicatoria de Ágatha Ruiz de la Prada _xEncuadernación rústica |
||
| 903 |
_aRuiz de la Prada, Ágatha, _d1960- _ednr _9234284 |
||
| 942 |
_n0 _cMONOGRAFIA |
||
| 999 |
_c193244 _d193244 |
||